Подробности
| 000 -МАРКЕР |
| контрольное поле |
02171nam2a2200337 4500 |
| 001 - ИДЕНТИФИКАТОР ЗАПИСИ |
| контрольное поле |
RU\NLR\BIBL_A\022386649 |
| 005 - ИДЕНТИФИКАТОР ВЕРСИИ |
| контрольное поле |
20241212135029.0 |
| 010 ## - МЕЖДУНАРОДНЫЙ СТАНДАРТНЫЙ НОМЕР КНИГИ (ISBN) |
| Номер (ISBN) |
978-5-91476-155-1 |
| Тираж |
100 |
| 021 ## - НОМЕР ГОСУДАРСТВЕННОЙ РЕГИСТРАЦИИ |
| Код страны |
Российская Федерация |
| Номер |
КН-П-24-062201 |
| Номер Листа государственной регистраци |
КН-П-24-6182 |
| 035 ## - ДРУГИЕ СИСТЕМНЫЕ НОМЕРА |
| Идентификатор записи |
(NLR Aleph) 022386649 |
| 100 ## - ДАННЫЕ ОБЩЕЙ ОБРАБОТКИ |
| Данные общей обработки |
20241120d2024 k y0rusy50 ca |
| 101 0# - ЯЗЫК РЕСУРСА |
| Язык текста, звукозаписи и т.д. |
русский |
| 102 ## - СТРАНА ПУБЛИКАЦИИ ИЛИ ПРОИЗВОДСТВА |
| Страна публикации |
Российская Федерация |
| 105 ## - ПОЛЕ КОДИРОВАННЫХ ДАННЫХ: ТЕКСТОВЫЕ МАТЕРИАЛЫ, МОНОГРАФИЧЕСКИЕ |
| Кодированные данные о монографическом текстовом документе |
ach|z|||010zy |
| 200 0# - ЗАГЛАВИЕ И СВЕДЕНИЯ ОБ ОТВЕТСТВЕННОСТИ |
| Основное заглавие |
Т. 5 |
| Сведения, относящиеся к заглавию |
исследования, материалы, публикации |
| Первые сведения об ответственности |
редакционная коллегия: А. В. Пигин (ответственный редактор) [и др.] |
| 210 ## - ПУБЛИКАЦИЯ, РАСПРОСТРАНЕНИЕ И ДР. |
| Дата издания, распространения и т.д. |
2024 |
| 215 ## - ФИЗИЧЕСКАЯ ХАРАКТЕРИСТИКА |
| Специфическое обозначение материала и объем |
446, [1] с., [9] л. ил., портр., цв. ил., факс. |
| Другие сведения о физической характеристике |
факс., табл. |
| 300 ## - ОБЩИЕ ПРИМЕЧАНИЯ |
| Текст примечания |
К юбилею медиевиста, исслед. рус. агиографии, д-ра филол. наук С. А. Семячко |
| 320 ## - ПРИМЕЧАНИЯ О НАЛИЧИИ В ДОКУМЕНТЕ БИБЛИОГРАФИИ / УКАЗАТЕЛЯ |
| Текст примечания |
Библиогр. в подстроч. примеч. |
| 320 ## - ПРИМЕЧАНИЯ О НАЛИЧИИ В ДОКУМЕНТЕ БИБЛИОГРАФИИ / УКАЗАТЕЛЯ |
| Текст примечания |
Список науч. работ С. А. Семячко (Якуниной): с. 430-442 |
| 461 #0 - УРОВЕНЬ НАБОРА |
| Встроенное поле |
001RU\NLR\bibl\1875742 |
| -- |
2001#$aРусская агиография$eисследования, публикации, полемика$fИн-т рус. лит. (Пушк. дом) Рос. акад. наук$g[отв. ред.: Т.Р. Руди, С.А. Семячко]$vТ. 5 |
| Системный номер (АБИС) связанной записи |
2590286 |
| Место публикации |
Санкт-Петербург |
| Дата публикации |
2011– |
| Первые сведения об ответственности |
Ин-т рус. лит. (Пушк. дом) Рос. акад. наук |
| Имя издателя, распространителя и т.д. |
Пушкинский дом |
| Сведения, относящиеся к заглавию |
исследования, материалы, публикации |
| Заглавие |
Русская агиография |
| Номер тома |
Т. 5 |
| 600 #1 - ИМЯ ЛИЦА КАК ПРЕДМЕТ |
| Начальный элемент ввода |
Семячко |
| Часть имени, кроме начального элемента ввода |
С. А. |
| Расширение инициалов личного имени |
Светлана Алексеевна |
| Даты |
1964 |
| Код системы |
nlr_sh2 |
| Идентификатор авторитетной/нормативной записи |
RU\NLR\AUTH\6601748482 |
| 686 2# - ИНДЕКСЫ ДРУГИХ КЛАССИФИКАЦИЙ |
| Индекс |
Ш4г(2)7дСемячко |
| 702 #1 - ИМЯ ЛИЦА - ВТОРИЧНАЯ ОТВЕТСТВЕННОСТЬ |
| Код отношения |
Редактор |
| Графика поля |
Кириллица |
| Материалы, к которым относится поле |
rus |
| Начальный элемент ввода |
Пигин |
| Часть имени, кроме начального элемента ввода |
А. В. |
| Даты |
1962- |
| Расширение инициалов личного имени |
Александр Валерьевич |
| Системный номер авторитетной/нормативной записи |
112485 |
| Идентификатор авторитетной/нормативной записи |
RU\NLR\AUTH\772473 |
| 702 #1 - ИМЯ ЛИЦА - ВТОРИЧНАЯ ОТВЕТСТВЕННОСТЬ |
| Код отношения |
Прочие |
| Начальный элемент ввода |
Семячко |
| Часть имени, кроме начального элемента ввода |
С. А. |
| Даты |
1964- |
| Расширение инициалов личного имени |
Светлана Алексеевна |
| Системный номер авторитетной/нормативной записи |
144159 |
| Идентификатор авторитетной/нормативной записи |
RU\NLR\AUTH\770144195 |
| 942 ## - ДОПОЛНИТЕЛЬНЫЕ ЭЛЕМЕНТЫ ЗАПИСИ (АБИС) |
| Тип экземпляра АБИС |
Книга |
| 980 ## - КОЛЛЕКЦИЯ |
| Название коллекции |
Национальная библиография |